| 000 | 02257cam a22004094a 4500 | ||
|---|---|---|---|
| 001 | 15552090 | ||
| 003 | OSt | ||
| 005 | 20140310182523.0 | ||
| 008 | 081209s2010 pauaf b 001 0 eng | ||
| 010 | _a 2008053297 | ||
| 016 | 7 |
_a101491199 _2DNLM |
|
| 020 | _a9781605471976 | ||
| 020 | _a1605471976 | ||
| 035 | _a(OCoLC)ocn280355600 | ||
| 040 |
_aDNLM/DLC _cDLC _dBTCTA _dBAKER _dYDXCP _dNLM _dC#P _dIG# _dDLC |
||
| 042 | _apcc | ||
| 050 | 0 | 0 |
_aRS 57 _b.D722 2010 |
| 245 | 0 | 0 | _aDosage calculations made incredibly easy!. / |
| 260 |
_aPhiladelphia : _bWolters Kluwer Healt/Lippincott Williams & Wilkins, _cc2010. |
||
| 300 |
_a378 p. : _bill. ; _c24 cm. |
||
| 490 | 1 | _aIncredibly easy | |
| 500 | _aIncludes bibliographical references (p. 373) and index. | ||
| 505 | 0 | _aFractions -- Decimals and percentages -- Ratios, fractions, proportions, and solving for X -- Dimensional analysis -- Metric system -- Alternative measurement systems -- Drug orders -- Administration records -- Preventing drug errors -- Calculating oral drug dosages -- Calculating topical and rectal drug dosages -- Calculating parenteral injections -- Calculating I.V. infusions -- Calculating pediatric dosages -- Calculating obstetric drug dosages -- Calculating critical care dosages. | |
| 520 | _aReviews the basic math needed to perform dosage calculation. It walks readers through the interpretation of hundreds of examples of drug orders and the performance of hundreds of complex dosage calculations. | ||
| 650 | 0 |
_aPharmaceutical arithmetic. _97809 |
|
| 650 | 1 | 2 |
_aPharmaceutical Preparations _xadministration & dosage _vNurses' Instruction. _99410 |
| 650 | 2 | 2 |
_aMathematics _vNurses' Instruction. _99411 |
| 710 | 2 |
_aLippincott Williams & Wilkins. _97366 |
|
| 830 | 0 |
_aIncredibly easy (Philadelphia, Pa.) _98793 |
|
| 856 | 4 | 2 |
_3Publisher description _uhttp://www.loc.gov/catdir/enhancements/fy0916/2008053297-d.html |
| 856 | 4 | 1 |
_3Table of contents only _uhttp://www.loc.gov/catdir/enhancements/fy1012/2008053297-t.html |
| 906 |
_a7 _bcbc _corignew _d1 _eecip _f20 _gy-gencatlg |
||
| 942 |
_2lcc _cSSLC |
||
| 999 |
_c14042 _d14042 |
||